Le Pari informatique

Bewaard in:
Bibliografische gegevens
Hoofdauteur: Lhermitte, Pierre
Formaat: Boek
Taal:Undetermined
Gepubliceerd in: Paris France-Empire 1968
Onderwerpen:
Tags: Voeg label toe
Geen labels, Wees de eerste die dit record labelt!
Thư viện lưu trữ: Trung tâm Học liệu Trường Đại học Cần Thơ
LEADER 00489nam a2200193Ia 4500
001 CTU_77370
008 210402s9999 xx 000 0 und d
082 |a 384 
082 |b L688 
100 |a Lhermitte, Pierre 
245 0 |a Le Pari informatique 
245 0 |c Pierre Lhermitte 
260 |a Paris 
260 |b France-Empire 
260 |c 1968 
650 |a Business 
650 |x Data processing 
904 |i Trọng Hải 
980 |a Trung tâm Học liệu Trường Đại học Cần Thơ